000 00953cam a2200265 4500
008 090401t1995 xxu||||| |||| 00| 0 eng d
020 _a185953015X
035 _a(Sirsi) u70336
041 _aeng
050 _a344.410465
100 _aWatterson, Andrew
245 4 _aThe role of the health and safety manager.
260 _aHitchin, Herts.
_bTechnical Communications (Publishing) Li
_c1995
300 _avii,56 leaves ; 30cm.
350 _a33
490 _aHealth & Safety Series - Best Practice Management Reports
520 _aLooks at the need for health and safety managers, their role in the workplace and the qualifications and skills needed to do the job.
650 _aHEALTH AND SAFETY MANAGERS
650 _aHEALTH AND SAFETY
_96244
650 _aOCCUPATIONAL HEALTH AND SAFETY PRACTITIONERS
690 _aMANAGEMENT-BUSINESS MANAGEMENT-PROFESSIONAL PRACTICE
700 _aWright, Les
942 _n0
948 _c04/03/1997
999 _c95315
_d95315